000 00879nam a2200241 i 4500
001 188827
003 SpMaBN
005 20230906223319.0
008 190218s1987 sp a |||| |dspa d
020 _a84-404-0576-6
080 _a929 Costa, Joaquín
245 0 1 _a¿Por qué fue importante Costa? /
_cGerge J.G. Cheyne ... [et al.].
260 _a[Huesca] :
_bInstituto de Estudios Altoaragoneses,
_c[1987]
300 _a32 p. :
_bil. ;
_c22 cm.
490 1 _aCuadernos altoaragoneses de trabajo ;
_v7
594 _aPrecede al tít.: 150 Aniversario.
600 1 4 _aCosta, Joaquín,
_d1846-1911-
_xAniversarios y centenarios
_941055
700 1 _aCheyne, George J. G.
_938445
710 2 _aInstituto de Estudios Altoaragoneses.
_94888
830 1 _aCuadernos altoaragoneses de trabajo ;
_v7
_9225728
852 _aES-MaACL
_j2337-F-21
999 _c188827
_d188827